| 000 | 00687cam a2200265 4500 | ||
|---|---|---|---|
| 008 | 090401t1986 xxu||||| |||| 00| 0 eng d | ||
| 020 | _a0117301795 | ||
| 035 | _a(Sirsi) u97515 | ||
| 041 | _aeng | ||
| 050 | _a346.410438 | ||
| 110 |
_aEngland and Wales _bLaw Commission _93302 |
||
| 245 | _aTransfer of land: the rule in Bain v. Fothergill | ||
| 260 |
_aLondon _bHMSO _c1986 |
||
| 300 | _aiv,49p. ; 21cm. | ||
| 350 | _a1.75 | ||
| 490 |
_aLaw Commission Working Paper _v98 |
||
| 650 | _aBAIN V FOTHERGILL | ||
| 650 | _aCONTRACT | ||
| 650 | _aCONVEYANCING | ||
| 650 | _aDAMAGES | ||
| 650 | _aDEFECT IN TITLE | ||
| 650 | _aFOTHERGILL | ||
| 942 | _n0 | ||
| 948 | _c04/03/1997 | ||
| 999 |
_c98922 _d98922 |
||